海峽兩岸少數民族文學研討會論文
| 資料類型: | 圖書 | 書目號: | 32288 |
Leader xxxxxxxxxx 001 __ PCLIS00032288 005 __ 20030212153806.06 010 0_ |a957-98346-0-1|b平裝|dNT$280 020 __ |acw|b82005151 100 __ |a20030212d2003 0chib0109 e 101 0_ |achi 102 __ |acw 105 __ |aa z 000yy 200 1_ |a海峽兩岸少數民族文學研討會論文|e|f陳捷先等編著|g 205 __ |a初版 210 __ |a臺北市|c初版|d民87年 215 0_ |a330面|c圖, 表|d21公分 225 1_ |a歷史文學學術叢書|v1 681 __ |a820.7|b 700 __ |a陳|b捷先等|4編著 702 _1 |a|b|4 801 __ |acw|b本館|c20030212 |